ARRUPE JESUIT UNIVERSITY

CORONAVIRUS -STOP THE SPREAD - CLEAN,DISINFECT,COVER

Philosophy, science and the sociology of knowledge (Record no. 122530)

MARC details
000 -LEADER
fixed length control field 00485nam a22001457a 4500
008 - FIXED-LENGTH DATA ELEMENTS--GENERAL INFORMATION
fixed length control field 150327b xxu||||| |||| 00| 0 eng d
050 ## - LIBRARY OF CONGRESS CALL NUMBER
Classification number BD175.H65
100 ## - MAIN ENTRY--PERSONAL NAME
Personal name Horowitz, I. L.
9 (RLIN) 16701
245 ## - TITLE STATEMENT
Title Philosophy, science and the sociology of knowledge
Statement of responsibility, etc /by Irving Louis Horowitz
260 ## - PUBLICATION, DISTRIBUTION, ETC. (IMPRINT)
Place of publication, distribution, etc Ilinois
Name of publisher, distributor, etc Charles Thomas
Date of publication, distribution, etc 1961
300 ## - PHYSICAL DESCRIPTION
Extent xi,169p. ;
Dimensions 24cm.
440 ## - SERIES STATEMENT/ADDED ENTRY--TITLE
Title American lecture series
Number of part/section of a work no.442
9 (RLIN) 16702
650 ## - SUBJECT ADDED ENTRY--TOPICAL TERM
Topical term or geographic name as entry element Knowledge, sociology of
9 (RLIN) 9945
942 ## - ADDED ENTRY ELEMENTS (KOHA)
Source of classification or shelving scheme Library of Congress Classification
Item type Monograph ( Printed materials)
Holdings
Withdrawn status Lost status Source of classification or shelving scheme Damaged status Not for loan Collection code Home library Current library Shelving location Date acquired Total Checkouts Full call number Barcode Date last seen Price effective from Koha item type
    Library of Congress Classification     Main Collection ARRUPE LIBRARY ARRUPE LIBRARY Main Collection 27/03/2015   BD175.H65 46500002585 02/09/2016 27/03/2015 Monograph ( Printed materials)

 

Arrupe Library. PO Box MP320 Mt Pleasant, Harare, Zimbabwe
263 242 745411|librarian@aju.ac.zw